| 000 | 01254nac a22003011u 4500 | ||
|---|---|---|---|
| 003 | EG-ScBUE | ||
| 005 | 20211129103729.0 | ||
| 008 | 121206s1999 ua f 000 j ara d | ||
| 017 | _a99 / 13166 | ||
| 020 | _a9770808636 | ||
| 040 |
_aEG-ScBUE _bara _erda _cEG-ScBUE _dEG-ScBUE |
||
| 082 | 0 | 4 |
_a892.736 _bم ط ا _222 |
| 100 | 1 |
_aمطاوع، عبد الوهاب، _d1940-2004، _eمؤلف. _934597 |
|
| 245 | 1 | 0 |
_aأيام السعادة والشقاء ! : _b25 قصة واقعية من دراما الحياة / _cعبد الوهاب مطاوع. |
| 246 | 3 |
_aأيام السعادة والشقاء ! : _bخمس وعشرون قصة واقعية من دراما الحياة |
|
| 264 | 1 |
_aالقاهرة : _bدار أخبار اليوم، _c1999. |
|
| 300 |
_a200 صفحة ؛ _c18 سم. |
||
| 336 |
_2rdacontent _aنص _btxt |
||
| 337 |
_2rdamedia _aبدون وسيط _bn |
||
| 338 |
_2rdacarrier _aمجلد _bnc |
||
| 490 | 0 | _aمجموعة الأعمال الكاملة | |
| 650 | 7 |
_aالقصص القصيرة العربية _yقرن 20. _2BUEsh _931611 |
|
| 650 | 7 |
_aالقصص الاجتماعية _yقرن 20. _2BUEsh _98244 |
|
| 651 | _2BUEsh | ||
| 653 |
_bARALIT _cNovember2021 |
||
| 655 |
_vReading book _934232 |
||
| 942 |
_cBB _k892.736 م ط ا _2ddc |
||
| 999 |
_c5709 _d5709 |
||